000 00614nam a2200217 a 4500
999 _c9417
_d9417
001 9417
003 BD-JhCC
005 20180314095757.0
008 180314s2011 bg a|||| |a|| 000 0 ben d
035 _a(BD-JhCC)9417
040 _aBD-JhCC
_dBD-JhCC
041 _aben
082 _a923
_bALA 2011
100 _aআলম, ফখরে
245 _aজানা অজানা রবীন্দ্রনাথ /
_cফখরে আলম,
260 _aঢাকা :
_bবিদ্যা প্রকাশ
_c2011
300 _a29 p. :
_c24 cm.
650 _aBiography
942 _2ddc
_cBK